[Event "BCF-ch U16"]
[Site "Hull"]
[Date "2018.08.03"]
[Round "6"]
[White "Potel, Zachary"]
[Black "Balouka Myers, Reuben"]
[Result "1-0"]
[WhiteElo "1444"]
[BlackElo "1528"]
[PlyCount "83"]
[EventDate "2018.07.29"]
[EventType "swiss"]
[EventRounds "7"]
[EventCountry "ENG"]
[SourceTitle "CBM 186 Extra"]
[Source "ChessBase"]
[SourceDate "2018.08.24"]
[SourceVersion "1"]
[SourceVersionDate "2018.08.24"]
[SourceQuality "1"]

1. e4 e6 2. d4 d5 3. exd5 exd5 4. Nc3 Nf6 5. Nf3 Bd6 6. Bd3 0-0 7. 0-0 Bg4 8. h3 Bh5 9. Bg5 c6 10. Re1 Nbd7 11. Bf5 Bxf3 12. Qxf3 Qb6 13. Bxd7 Nxd7 14. Qf5 Qc7 15. Be7 Rfe8 16. Bxd6 Qxd6 17. Ne2 Nf6 18. c3 Re7 19. Ng3 Rae8 20. Rxe7 Qxe7 21. Qg5 h6 22. Qf4 b6 23. Kf1 Ne4 24. Nxe4 Qxe4 25. Qxe4 Rxe4 26. Re1 f5 27. f3 Rxe1+ 28. Kxe1 f4 29. Kf2 Kf7 30. g3 fxg3+ 31. Kxg3 Kf6 32. Kg4 g6 33. h4 a6 34. h5 gxh5+ 35. Kxh5 Kf5 36. Kxh6 Kf4 37. Kg6 Kxf3 38. Kf5 Ke3 39. Ke5 Kd3 40. Kd6 b5 41. Kxc6 Kc2 42. Kxd5 1-0

[Event "BCF-ch U16"]
[Site "Llandudno"]
[Date "2017.08.04"]
[Round "6"]
[White "Petkov, Petko"]
[Black "Balouka Myers, Reuben"]
[Result "1-0"]
[WhiteElo "1569"]
[BlackElo "1520"]
[PlyCount "117"]
[EventDate "2017.07.30"]
[EventType "swiss"]
[EventRounds "7"]
[EventCountry "WLS"]
[SourceTitle "CBM 179 Extra"]
[Source "ChessBase"]
[SourceDate "2017.08.23"]
[SourceVersion "1"]
[SourceVersionDate "2017.08.23"]
[SourceQuality "1"]

1. e4 e6 2. d4 d5 3. Nc3 dxe4 4. Nxe4 Be7 5. Nf3 Nd7 6. Bd3 Ngf6 7. Nxf6+ Nxf6 8. Bg5 0-0 9. c3 b6 10. Qc2 h6 11. Bf4 Bb7 12. 0-0-0 Qc8 13. Kb1 c5 14. dxc5 Qxc5 15. Rhg1 Rfd8 16. h3 Bd6 17. Bxd6 Rxd6 18. Qe2 Rad8 19. Bc2 Bd5 20. Nd4 Bc4 21. Qf3 b5 22. Nb3 Qb6 23. Rxd6 Rxd6 24. Rd1 Bd5 25. Qf4 Rc6 26. Nd4 Rc8 27. g4 b4 28. cxb4 Qxb4 29. Nxe6 Qxf4 30. Nxf4 Bxa2+ 31. Kxa2 Rxc2 32. Rd8+ Kh7 33. Nd3 Rd2 34. Rd4 h5 35. g5 Ne8 36. Kb3 Nc7 37. Rd7 Ne6 38. Kc3 Rd1 39. Rxf7 Nxg5 40. Rxa7 Nxh3 41. Ra5 Kh6 42. b4 Ng5 43. Ra6+ Kh7 44. Nf4 h4 45. Ra5 Rg1 46. Re5 g6 47. Re3 Rg4 48. Nh3 Kh6 49. Nxg5 Kxg5 50. b5 Rg1 51. Kc2 Rg4 52. b6 Rb4 53. Rb3 Rc4+ 54. Rc3 h3 55. Rxc4 h2 56. b7 h1Q 57. b8Q Qe1 58. Qd8+ Kh6 59. Qd2+ 1-0

[Event "BCF-chT4S 1617 (4NCL)"]
[Site "England"]
[Date "2017.05.01"]
[Round "11.63"]
[White "Phillips, William"]
[Black "Balouka Myers, Reuben"]
[Result "0-1"]
[WhiteElo "1849"]
[BlackElo "1675"]
[PlyCount "71"]
[EventDate "2016.11.26"]
[EventType "team-swiss"]
[EventRounds "11"]
[EventCountry "ENG"]
[SourceTitle "EXT 2019"]
[Source "ChessBase"]
[SourceDate "2018.10.10"]
[SourceVersion "1"]
[SourceVersionDate "2018.10.10"]
[SourceQuality "1"]
[WhiteTeam "Cambridge University III"]
[BlackTeam "Barnet Knights II"]
[WhiteTeamCountry "ENG"]
[BlackTeamCountry "ENG"]

1. d4 e6 2. c4 d5 3. cxd5 exd5 4. Bf4 Bd6 5. Bxd6 Qxd6 6. Nf3 f5 7. e3 Nf6 8. Bd3 0-0 9. 0-0 Ne4 10. Nc3 Nd7 11. Rc1 c6 12. a3 Rf6 13. Ne2 Rh6 14. Ng3 Ndf6 15. Ne5 g5 16. f4 g4 17. Bxe4 Nxe4 18. Nxe4 dxe4 19. Qb3+ Qe6 20. Qxe6+ Bxe6 21. g3 Kg7 22. Rc3 Rh3 23. b4 a6 24. a4 h5 25. Rf2 h4 26. Rg2 Rh8 27. b5 axb5 28. axb5 hxg3 29. hxg3 Rh1+ 30. Kf2 Ra8 31. Rc2 Raa1 32. Ke2 cxb5 33. Kd2 b4 34. Rb2 b5 35. Nc6 Rad1+ 36. Kc2 0-1

[Event "BCF-chT4S 1617 (4NCL)"]
[Site "England"]
[Date "2017.01.15"]
[Round "4.62"]
[White "Balouka Myers, Reuben"]
[Black "Guha, Chirag"]
[Result "0-1"]
[WhiteElo "1675"]
[BlackElo "1922"]
[PlyCount "40"]
[EventDate "2016.11.26"]
[EventType "team-swiss"]
[EventRounds "11"]
[EventCountry "ENG"]
[SourceTitle "EXT 2019"]
[Source "ChessBase"]
[SourceDate "2018.10.10"]
[SourceVersion "1"]
[SourceVersionDate "2018.10.10"]
[SourceQuality "1"]
[WhiteTeam "Barnet Knights II"]
[BlackTeam "Wood Green II"]
[WhiteTeamCountry "ENG"]
[BlackTeamCountry "ENG"]

1. Nf3 d5 2. g3 Nf6 3. Bg2 e6 4. d4 Be7 5. 0-0 0-0 6. c4 dxc4 7. Ne5 Nc6 8. Bxc6 bxc6 9. Nxc6 Qe8 10. Nxe7+ Qxe7 11. Qa4 e5 12. dxe5 Qxe5 13. Qxc4 Be6 14. Qd3 Rad8 15. Qe3 Qh5 16. f3 Rfe8 17. Qg5 Qh3 18. Nc3 Bc4 19. Re1 Bxe2 20. Qf4 Bxf3 0-1

[Event "BCF-ch Week1 PM op"]
[Site "Bournemouth"]
[Date "2016.07.27"]
[Round "3"]
[White "Balouka Myers, Reuben"]
[Black "Ratnesan, Ranesh"]
[Result "0-1"]
[WhiteElo "1507"]
[BlackElo "1717"]
[PlyCount "114"]
[EventDate "2016.07.25"]
[EventType "swiss"]
[EventRounds "5"]
[EventCountry "ENG"]
[SourceTitle "CBM 173 Extra"]
[Source "ChessBase"]
[SourceDate "2016.08.29"]
[SourceVersion "1"]
[SourceVersionDate "2016.08.29"]
[SourceQuality "1"]

1. Nf3 Nf6 2. g3 g6 3. Bg2 Bg7 4. 0-0 0-0 5. c4 d6 6. d4 Nbd7 7. Nc3 c6 8. Bg5 Qc7 9. Rb1 h6 10. Bd2 e5 11. e3 Ne8 12. b4 f5 13. Qb3 Kh7 14. b5 c5 15. Nd5 Qd8 16. Bc3 e4 17. Nd2 cxd4 18. Bxd4 Ne5 19. f3 exf3 20. Nxf3 Be6 21. Nxe5 dxe5 22. Bc5 Rf7 23. e4 Bxd5 24. exd5 b6 25. Bb4 Nd6 26. Rf2 Rc8 27. Rc2 Rfc7 28. Rbc1 e4 29. a4 Bd4+ 30. Kh1 Qf6 31. Bf1 Bc5 32. Bc3 Bd4 33. Bb4 Kg7 34. a5 Kh7 35. axb6 axb6 36. Ra2 g5 37. Rd2 Nb7 38. Ra2 Nc5 39. Qc2 Qe5 40. Bc3 Bxc3 41. Qxc3 Qxc3 42. Rxc3 Kg6 43. Rca3 h5 44. Ra7 f4 45. gxf4 gxf4 46. Rxc7 Rxc7 47. Ra8 f3 48. Re8 Kf6 49. Kg1 Re7 50. Rxe7 Kxe7 51. Kf2 Kd6 52. Ke3 Ke5 53. Bh3 Nb7 54. Bd7 Nd6 55. Be6 Nxc4+ 56. Kf2 h4 57. Bf7 Nd6 0-1

[Event "BCF-chT4 1516 (4NCL)"]
[Site "England"]
[Date "2016.05.02"]
[Round "11.99"]
[White "Balouka Myers, Reuben"]
[Black "Ireland, David J"]
[Result "0-1"]
[WhiteElo "1667"]
[BlackElo "1916"]
[PlyCount "64"]
[EventDate "2015.11.14"]
[EventType "team-swiss"]
[EventRounds "11"]
[EventCountry "ENG"]
[SourceTitle "EXT 2017"]
[Source "ChessBase"]
[SourceDate "2016.10.25"]
[SourceVersion "1"]
[SourceVersionDate "2016.10.25"]
[SourceQuality "1"]
[WhiteTeam "Barnet Knights II"]
[BlackTeam "Throw in the Tal"]
[WhiteTeamCountry "ENG"]
[BlackTeamCountry "ENG"]

1. Nf3 c5 2. g3 d5 3. Bg2 Nf6 4. d4 cxd4 5. Nxd4 e5 6. Nf3 Nc6 7. Bg5 Be6 8. 0-0 Be7 9. c3 0-0 10. Nbd2 h6 11. Bxf6 Bxf6 12. e4 dxe4 13. Nxe4 Be7 14. Qe2 f5 15. Ned2 Bf6 16. Rfd1 Qb6 17. Nc4 Qa6 18. Bf1 Rad8 19. Nd6 Qxe2 20. Bxe2 e4 21. Ne1 Rd7 22. f3 Rfd8 23. Nb5 a6 24. Na3 b5 25. Nac2 Rxd1 26. Bxd1 a5 27. a4 b4 28. cxb4 axb4 29. fxe4 fxe4 30. Be2 Bxb2 31. Rb1 Bc3 32. Bb5 Ba2 0-1

[Event "London Weekend U1800 7th"]
[Site "London"]
[Date "2015.12.04"]
[Round "1.12"]
[White "Stuart, Brian"]
[Black "Balouka Myers, Reuben"]
[Result "1-0"]
[WhiteElo "1732"]
[BlackElo "1543"]
[PlyCount "75"]
[EventDate "2015.12.04"]
[EventType "swiss"]
[EventRounds "5"]
[EventCountry "ENG"]
[SourceTitle "EXT 2023"]
[Source "ChessBase"]
[SourceDate "2022.10.05"]
[SourceVersion "1"]
[SourceVersionDate "2022.10.05"]
[SourceQuality "1"]

1. e4 e6 2. d4 d5 3. Nd2 dxe4 4. Nxe4 Be7 5. Nf3 Nf6 6. Bd3 Nbd7 7. 0-0 b6 8. Re1 Bb7 9. Qe2 c5 10. c3 Nd5 11. a3 N7f6 12. c4 Nc7 13. dxc5 bxc5 14. Bf4 0-0 15. Rad1 Qc8 16. Nfg5 h6 17. Nxf6+ Bxf6 18. Ne4 Bxe4 19. Qxe4 Rd8 20. Be5 Ne8 21. Bc2 Bxe5 22. Qxe5 Nf6 23. h3 Rb8 24. b3 Qc6 25. Rd3 Rbc8 26. Red1 Rd7 27. Rxd7 Nxd7 28. Qe3 Nb8 29. Qd3 g6 30. Qe3 Kg7 31. h4 h5 32. Qe5+ Kh6 33. Qf4+ Kg7 34. Qe5+ Kg8 35. Qg3 Qc7 36. Qxc7 Rxc7 37. Rd8+ Kg7 38. Rxb8 1-0

[Event "BCF-ch Week1 PM op"]
[Site "Coventry"]
[Date "2015.07.31"]
[Round "5"]
[White "Mulay, Partha"]
[Black "Balouka Myers, Reuben"]
[Result "1-0"]
[WhiteElo "1760"]
[BlackElo "1558"]
[PlyCount "67"]
[EventDate "2015.07.27"]
[EventType "swiss"]
[EventRounds "5"]
[EventCountry "ENG"]
[SourceTitle "EXT 2016"]
[Source "ChessBase"]
[SourceDate "2015.10.08"]
[SourceVersion "1"]
[SourceVersionDate "2015.10.08"]
[SourceQuality "1"]

1. e4 e6 2. d4 d5 3. exd5 exd5 4. c4 dxc4 5. Bxc4 Nf6 6. Nc3 Bd6 7. Nf3 Bf5 8. 0-0 0-0 9. Be3 Re8 10. Qb3 Be6 11. Bxe6 Rxe6 12. Qxb7 Nbd7 13. Qb3 Ng4 14. Bg5 Bxh2+ 15. Kh1 Ndf6 16. Nxh2 Nxh2 17. Bxf6 Qxf6 18. Kxh2 Qh4+ 19. Kg1 Rh6 20. f3 Qxd4+ 21. Rf2 Qh4 22. Kf1 Re8 23. Ne4 Rb6 24. Qa4 Reb8 25. Re1 f5 26. Qc4+ Kh8 27. Nd2 Qh1+ 28. Ke2 Re8+ 29. Ne4 Rxb2+ 30. Kd3 fxe4+ 31. fxe4 Rd8+ 32. Qd5 Rxd5+ 33. exd5 Rd2+ 34. Kc3 1-0

[Event "BCF-chT3S 1415 (4NCL)"]
[Site "England"]
[Date "2015.02.15"]
[Round "6.99"]
[White "Balouka Myers, Reuben"]
[Black "Atara, Omeet J"]
[Result "1/2-1/2"]
[WhiteElo "1482"]
[BlackElo "1692"]
[PlyCount "64"]
[EventDate "2014.11.15"]
[EventType "team-swiss"]
[EventRounds "6"]
[EventCountry "ENG"]
[SourceTitle "EXT 2016"]
[Source "ChessBase"]
[SourceDate "2015.10.08"]
[SourceVersion "1"]
[SourceVersionDate "2015.10.08"]
[SourceQuality "1"]
[WhiteTeam "Barnet Knights II"]
[BlackTeam "e2e4.org.uk IV"]
[WhiteTeamCountry "ENG"]
[BlackTeamCountry "ENG"]

1. e4 b6 2. d4 Bb7 3. Nc3 e6 4. Bd3 Bb4 5. Nge2 d6 6. a3 Bxc3+ 7. Nxc3 h6 8. Be3 Nf6 9. f3 Nbd7 10. Qd2 Qe7 11. 0-0-0 0-0-0 12. Qe2 Kb8 13. Ba6 Rhe8 14. Bxb7 Kxb7 15. a4 a5 16. Qb5 Ra8 17. Qb3 Nb8 18. d5 e5 19. Qb5 Qd7 20. Qc4 Na6 21. Nb5 Rec8 22. Qb3 Ne8 23. c4 f6 24. Kb1 Rcb8 25. Rd2 Kc8 26. g4 h5 27. gxh5 Qh3 28. Rf2 Qxh5 29. Nc3 Qf7 30. Qb5 Qd7 31. Qb3 Qh3 32. Rg1 Qd7 1/2-1/2